Normal view
MARC view
- Product design
Entry Topical Term
001 - CONTROL NUMBER
- control field: 39073
003 - CONTROL NUMBER IDENTIFIER
- control field: OSt
005 - DATE AND TIME OF LATEST TRANSACTION
- control field: 20160118121037.0
008 - FIXED-LENGTH DATA ELEMENTS
- fixed length control field: 160118|| aca||babn | a|a d
040 ## - CATALOGING SOURCE
- Original cataloging agency: OSt
150 ## - HEADING--TOPICAL TERM
- Topical term or geographic name as entry element: Product design
450 ## - SEE FROM TRACING--TOPICAL TERM
- Topical term or geographic name entry element: Commercial products
- General subdivision: Design and construction
450 ## - SEE FROM TRACING--TOPICAL TERM
- Topical term or geographic name entry element: New products
- General subdivision: Design and construction
550 ## - SEE ALSO FROM TRACING--TOPICAL TERM
- Topical term or geographic name entry element: Commercial products
550 ## - SEE ALSO FROM TRACING--TOPICAL TERM
- Topical term or geographic name entry element: Industrial design